<?xml version="1.0" encoding="UTF-8"?>
<record
    xmlns:xsi="http://www.w3.org/2001/XMLSchema-instance"
    xsi:schemaLocation="http://www.loc.gov/MARC21/slim http://www.loc.gov/standards/marcxml/schema/MARC21slim.xsd"
    xmlns="http://www.loc.gov/MARC21/slim">

  <leader>01240nam a2200265 a 4500</leader>
  <controlfield tag="001">BRCA_4664</controlfield>
  <controlfield tag="005">20190320204745.0</controlfield>
  <controlfield tag="008">290910s1954----sp-a######---#000-0#spa-#</controlfield>
  <datafield tag="041" ind1=" " ind2=" ">
    <subfield code="a">spa</subfield>
  </datafield>
  <datafield tag="044" ind1=" " ind2=" ">
    <subfield code="a">sp</subfield>
  </datafield>
  <datafield tag="050" ind1=" " ind2="4">
    <subfield code="a">F1461</subfield>
    <subfield code="b">.E88 8 1954</subfield>
  </datafield>
  <datafield tag="245" ind1="1" ind2="0">
    <subfield code="a">Estudios Americanos</subfield>
    <subfield code="b">revista de s&#xED;ntesis e interpretaci&#xF3;n.</subfield>
  </datafield>
  <datafield tag="260" ind1=" " ind2=" ">
    <subfield code="a">Sevilla</subfield>
    <subfield code="b">Escuela de Estudios Hispano Americanos : Consejo Superior de Investigaciones Cient&#xED;ficas</subfield>
    <subfield code="c">1954</subfield>
  </datafield>
  <datafield tag="300" ind1=" " ind2=" ">
    <subfield code="a">i, p. 144-268</subfield>
    <subfield code="b">il.</subfield>
    <subfield code="c">24 cm.</subfield>
    <subfield code="e">Bolet&#xED;n bibliogr&#xE1;fico: nuevas publicaciones. Madrid: Consejo Superior de Investigaciones Cient&#xED;ficas, 1954. 19 p., 1 tr&#xED;ptico, 2 volantes</subfield>
  </datafield>
  <datafield tag="500" ind1=" " ind2=" ">
    <subfield code="a">Vol. VIII, N&#xFA;ms. 35-36 agosto-septiembre, 1954</subfield>
  </datafield>
  <datafield tag="500" ind1=" " ind2=" ">
    <subfield code="a">Revista inventariada por Banco de M&#xE9;xico como libro</subfield>
  </datafield>
  <datafield tag="500" ind1=" " ind2=" ">
    <subfield code="a">Ver tambi&#xE9;n: CFG10(No.38-39), CFG11(No.37), CGF17(No.29), CFG18(No.30), CFG19(No.31), CFG20(No.32), CFG21(No.33-34), Q75(No.28) y Q84(No.20)</subfield>
  </datafield>
  <datafield tag="500" ind1=" " ind2=" ">
    <subfield code="a">CFG22</subfield>
  </datafield>
  <datafield tag="650" ind1="1" ind2="4">
    <subfield code="a">Revistas hispanoamericanas</subfield>
    <subfield code="9">11818</subfield>
  </datafield>
  <datafield tag="650" ind1="1" ind2="4">
    <subfield code="a">Revistas latinoamericanas</subfield>
    <subfield code="9">11819</subfield>
  </datafield>
  <datafield tag="651" ind1=" " ind2="4">
    <subfield code="a">Am&#xE9;rica Latina</subfield>
    <subfield code="v">Revistas</subfield>
    <subfield code="x">Historia</subfield>
    <subfield code="9">11820</subfield>
  </datafield>
  <datafield tag="710" ind1="2" ind2=" ">
    <subfield code="a">Escuela de Estudios Hispanoamericanos</subfield>
    <subfield code="b">Consejo Superior de Investigaciones Cient&#xED;ficas</subfield>
    <subfield code="9">11821</subfield>
  </datafield>
  <datafield tag="902" ind1=" " ind2=" ">
    <subfield code="a">GFM</subfield>
  </datafield>
  <datafield tag="942" ind1=" " ind2=" ">
    <subfield code="2">lcc</subfield>
    <subfield code="c">B</subfield>
  </datafield>
  <datafield tag="999" ind1=" " ind2=" ">
    <subfield code="c">4365</subfield>
    <subfield code="d">4365</subfield>
  </datafield>
  <datafield tag="952" ind1=" " ind2=" ">
    <subfield code="0">0</subfield>
    <subfield code="1">0</subfield>
    <subfield code="4">0</subfield>
    <subfield code="7">0</subfield>
    <subfield code="a">BRCA</subfield>
    <subfield code="b">BRCA</subfield>
    <subfield code="d">2010-09-30</subfield>
    <subfield code="i">CFG22</subfield>
    <subfield code="l">0</subfield>
    <subfield code="o">F1461 .E88 8 1954 (CFG22)</subfield>
    <subfield code="p">4670</subfield>
    <subfield code="r">2019-03-22 00:00:00</subfield>
    <subfield code="w">2019-03-22</subfield>
    <subfield code="y">B</subfield>
  </datafield>
</record>
